| 000 | 00477nam a22001817a 4500 | ||
|---|---|---|---|
| 999 |
_c31004 _d31003 |
||
| 003 | OSt | ||
| 005 | 20181005083103.0 | ||
| 008 | 181005b ||||| |||| 00| 0 eng d | ||
| 020 | _a88880082303 | ||
| 040 |
_aMMU _beng _cMMU _dMMU |
||
| 050 | _aFIC.PR 4728 .G112 2002. | ||
| 100 | _aGrant Sarah | ||
| 245 |
_aBass the impossible/ _cSarah Grand |
||
| 260 |
_aKingston _bQueens university _c2002. |
||
| 300 | _a284 p.; | ||
| 650 | _2Sound the impossible | ||
| 942 |
_2lcc _cREFERENCE |
||